Constantinople and its hinterland : papers from the twenty-seventh spring symposium of Byzantine Studies, Oxford, April 1993

Αποθηκεύτηκε σε:
Λεπτομέρειες βιβλιογραφικής εγγραφής
Συγγραφή απο Οργανισμό/Αρχή: Spring Symposium of Byzantine Studies Oxford, England
Άλλοι συγγραφείς: Mango, Cyril A. (Επιμελητής έκδοσης), Dagron, Gilbert (Επιμελητής έκδοσης), Greatrex, Geoffrey
Μορφή: Πρακτικό Συνεδρίου Βιβλίο
Γλώσσα:English
Δημοσίευση: Aldershot : Variorum, 1995.
Σειρά:Publications (Society for the Promotion of Byzantine Studies (Great Britain)) 3
Θέματα:
Ετικέτες: Προσθήκη ετικέτας
Δεν υπάρχουν, Καταχωρήστε ετικέτα πρώτοι!

MARC

LEADER 00000cam a2200000 i 4500
001 1/7801
008 970111s1995 enk| ||| |||| ||eng||
020 |a 0860784878 
035 |l 10016841 
040 |a GR-MyUa  |b gre  |e AACR2 
041 0 |a eng 
082 7 |a 938.391 
111 2 |a Spring Symposium of Byzantine Studies   |n (27th :   |d 1993 :   |c Oxford, England) 
245 1 0 |a Constantinople and its hinterland :   |b papers from the twenty-seventh spring symposium of Byzantine Studies, Oxford, April 1993 /   |c edited by Cyril Mango and Gilbert Dagron with the assistance of Geoffrey Greatrex. 
260 |a Aldershot :   |b Variorum,   |c 1995. 
300 |a 426 σ. ;   |c 24 εκ. 
490 1 |a (Society for the Promotion of Byzantine Studies ;   |v 3) 
504 |a Περιλαμβάνει βιβλιογραφικές παραπομπές και ευρετήριο. 
651 0 |a Istanbul (Turkey)  |x History  |y To 1453  |x Congresses. 
700 1 |a Mango, Cyril A.  |e edt 
700 1 |a Dagron, Gilbert,  |e edt 
700 1 |a Greatrex, Geoffrey. 
830 0 |a Publications (Society for the Promotion of Byzantine Studies (Great Britain))  |v 3 
852 |a INST  |b LESVOS  |e 19970111  |h 938.391 SPR  |p 005100012270  |q 005100012270  |t BK  |y 0 
950 |a 149-1996-07-16